[Event "EU-ch U10 Girls 26th"]
[Site "Prague"]
[Date "2016.08.24"]
[Round "6"]
[White "Kecskemeti, Admira Aida"]
[Black "Butenandt, Svenja"]
[Result "1/2-1/2"]
[WhiteElo "1300"]
[BlackElo "1501"]
[PlyCount "43"]
[EventDate "2016.08.18"]
[EventType "swiss"]
[EventRounds "9"]
[EventCountry "CZE"]
[SourceTitle "CBM 174 Extra"]
[Source "ChessBase"]
[SourceDate "2016.10.10"]
[SourceVersion "1"]
[SourceVersionDate "2016.10.10"]
[SourceQuality "1"]

1. d4 d5 2. Nf3 Nf6 3. g3 e6 4. Bg2 b5 5. Bg5 Nbd7 6. 0-0 Be7 7. Nfd2 c5 8. dxc5 Bxc5 9. e4 dxe4 10. Nxe4 Bb7 11. Qe2 a6 12. Rd1 Be7 13. Nxf6+ gxf6 14. Bxb7 Ra7 15. Qf3 fxg5 16. Nd2 Qc7 17. Bc6 0-0 18. Ne4 Ne5 19. Nf6+ Bxf6 20. Qxf6 Nxc6 21. Qxg5+ Kh8 22. Qf6+ 1/2-1/2

[Event "EU-ch U10 Girls 26th"]
[Site "Prague"]
[Date "2016.08.21"]
[Round "4"]
[White "Melenchuk, Olga"]
[Black "Kecskemeti, Admira Aida"]
[Result "0-1"]
[WhiteElo "1507"]
[BlackElo "1300"]
[PlyCount "142"]
[EventDate "2016.08.18"]
[EventType "swiss"]
[EventRounds "9"]
[EventCountry "CZE"]
[SourceTitle "CBM 174 Extra"]
[Source "ChessBase"]
[SourceDate "2016.10.10"]
[SourceVersion "1"]
[SourceVersionDate "2016.10.10"]
[SourceQuality "1"]

1. c4 c6 2. e4 d5 3. cxd5 cxd5 4. exd5 Nf6 5. Bb5+ Nbd7 6. Nc3 a6 7. Be2 Nb6 8. Nf3 Bg4 9. Qb3 Rb8 10. d4 Nbxd5 11. h3 Bf5 12. Bc4 e6 13. Nxd5 Nxd5 14. Bxd5 Qxd5 15. Qxd5 exd5 16. 0-0 Bd6 17. Re1+ Kf8 18. Bd2 f6 19. Bc3 Re8 20. Nd2 Rxe1+ 21. Rxe1 Kf7 22. Nb3 Re8 23. Rxe8 Kxe8 24. Kf1 Bd3+ 25. Ke1 Bc4 26. Na5 b6 27. Nxc4 dxc4 28. g3 Ke7 29. Ke2 Ke6 30. Ke3 Kd5 31. f4 b5 32. a3 Bc7 33. Bb4 Bb6 34. Bc3 a5 35. h4 g6 36. g4 h6 37. g5 hxg5 38. f5 gxf5 39. h5 Ke6 40. Kf3 Kf7 41. d5 g4+ 42. Kf4 Bc7+ 43. Kxf5 g3 44. Bd4 Be5 45. Bg1 Bxb2 46. d6 Bxa3 47. d7 Be7 48. h6 c3 49. h7 Kg7 50. Ke6 Bd8 51. Be3 g2 52. h8Q+ Kxh8 53. Kf7 c2 54. Ke8 c1Q 55. Bxc1 g1Q 56. Kxd8 Qxc1 57. Ke8 Qc7 58. d8Q Qxd8+ 59. Kxd8 a4 60. Ke7 a3 61. Ke6 a2 62. Kd6 a1Q 63. Kd5 Qc1 64. Kd4 Qc4+ 65. Ke3 b4 66. Kd2 Qc3+ 67. Kd1 Qb2 68. Ke1 Qc2 69. Kf1 b3 70. Ke1 b2 71. Kf1 b1Q# 0-1

[Event "HUN-ch U10 Girls"]
[Site "Balatonlelle"]
[Date "2016.06.27"]
[Round "4"]
[White "Alexandrova, Angelina"]
[Black "Kecskemeti, Admira Aida"]
[Result "0-1"]
[WhiteElo "1350"]
[BlackElo "1262"]
[PlyCount "58"]
[EventDate "2016.06.24"]
[EventType "swiss"]
[EventRounds "7"]
[EventCountry "HUN"]
[SourceTitle "CBM 173 Extra"]
[Source "ChessBase"]
[SourceDate "2016.08.29"]
[SourceVersion "1"]
[SourceVersionDate "2016.08.29"]
[SourceQuality "1"]

1. e4 c6 2. Nf3 d5 3. Nc3 dxe4 4. Nxe4 Nf6 5. Nxf6+ exf6 6. d4 Bf5 7. Bc4 Bd6 8. 0-0 0-0 9. c3 Re8 10. Bd2 h6 11. Qb3 Qc7 12. Rfe1 Rf8 13. h3 Nd7 14. a4 Nb6 15. Re2 Nxc4 16. Qxc4 Rfe8 17. Rae1 Rxe2 18. Rxe2 Qd7 19. g4 Bxg4 20. hxg4 Qxg4+ 21. Kf1 Qxf3 22. Kg1 Qh3 23. f4 Qg4+ 24. Kh1 g5 25. fxg5 hxg5 26. Rf2 Kg7 27. Rg2 Qd1+ 28. Rg1 Rh8+ 29. Kg2 Rh2# 0-1

[Event "EU Union-ch U10"]
[Site "Kouty nad Desnou"]
[Date "2015.08.27"]
[Round "9"]
[White "Kecskemeti, Admira Aida"]
[Black "Mjatezs, Ivans"]
[Result "1-0"]
[WhiteElo "1142"]
[BlackElo "1370"]
[PlyCount "71"]
[EventDate "2015.08.19"]
[EventType "swiss"]
[EventRounds "9"]
[EventCountry "CZE"]
[SourceTitle "EXT 2016"]
[Source "ChessBase"]
[SourceDate "2015.10.08"]
[SourceVersion "1"]
[SourceVersionDate "2015.10.08"]
[SourceQuality "1"]

1. d4 Nf6 2. Nf3 e6 3. g3 b6 4. Bg2 Bb7 5. 0-0 Be7 6. c3 0-0 7. b3 c5 8. Ba3 d5 9. Re1 Nc6 10. Qd3 cxd4 11. cxd4 Bxa3 12. Nxa3 Rc8 13. Rac1 Nb4 14. Qd2 Qd6 15. Nb5 Qe7 16. Nxa7 Ra8 17. Nb5 Rxa2 18. Rc7 Qxc7 19. Qxa2 Qd7 20. Qa4 Nc2 21. Rc1 Ra8 22. Na7 Bc6 23. Qxc6 Rxa7 24. Qxd7 Nxd7 25. Rxc2 Ra1+ 26. Bf1 Rb1 27. Rc8+ Nf8 28. Ne5 f6 29. Nd7 Kf7 30. Nxf8 Rxb3 31. Nxh7 b5 32. Nf8 b4 33. Nd7 Rb1 34. Nc5 b3 35. Rb8 b2 36. Nd3 1-0

[Event "EU Union-ch U10"]
[Site "Kouty nad Desnou"]
[Date "2015.08.23"]
[Round "5"]
[White "Vulpe, Raisa Georgiana"]
[Black "Kecskemeti, Admira Aida"]
[Result "1-0"]
[WhiteElo "1402"]
[BlackElo "1142"]
[PlyCount "121"]
[EventDate "2015.08.19"]
[EventType "swiss"]
[EventRounds "9"]
[EventCountry "CZE"]
[SourceTitle "EXT 2016"]
[Source "ChessBase"]
[SourceDate "2015.10.08"]
[SourceVersion "1"]
[SourceVersionDate "2015.10.08"]
[SourceQuality "1"]

1. e4 c6 2. Nc3 d5 3. Nf3 dxe4 4. Nxe4 Nf6 5. Ng3 e6 6. Bc4 Bd6 7. d3 0-0 8. 0-0 Nbd7 9. Be3 Ne5 10. Nxe5 Bxe5 11. d4 Bxg3 12. fxg3 Qb6 13. Bb3 e5 14. Bf2 e4 15. Qe2 a5 16. a4 Re8 17. Be3 Qb4 18. Rae1 Nd5 19. Qf2 Be6 20. Bxd5 cxd5 21. b3 Rac8 22. Rc1 b5 23. Bd2 Qa3 24. axb5 Rb8 25. Ra1 Qb2 26. Bxa5 Rec8 27. Rfc1 Ra8 28. Qd2 e3 29. Qxe3 Rxc2 30. Rxc2 Qxa1+ 31. Be1 Ra5 32. Rc1 Qa3 33. Bxa5 h6 34. Qc3 Bd7 35. b4 Qa4 36. Qd3 Bxb5 37. Rc8+ Be8 38. Qe2 Kf8 39. Qc2 Qa1+ 40. Qc1 Qxd4+ 41. Kh1 Qe4 42. b5 Qa4 43. Qc5+ Kg8 44. Rxe8+ Kh7 45. Be1 Qb3 46. b6 Qd3 47. b7 Qf1+ 48. Qg1 Qb5 49. b8Q Qd7 50. Qd8 Qf5 51. Qd6 Qg5 52. Re5 Qg4 53. Qxd5 f6 54. Qe4+ Qxe4 55. Rxe4 Kg6 56. Qe3 f5 57. Re6+ Kh5 58. Qf3+ Kg5 59. Bd2+ f4 60. Qxf4+ Kh5 61. Qh4# 1-0

[Event "EU Union-ch U10"]
[Site "Kouty nad Desnou"]
[Date "2015.08.20"]
[Round "2"]
[White "Kecskemeti, Admira Aida"]
[Black "Bellahcene, Sofia"]
[Result "0-1"]
[WhiteElo "1142"]
[BlackElo "1485"]
[PlyCount "96"]
[EventDate "2015.08.19"]
[EventType "swiss"]
[EventRounds "9"]
[EventCountry "CZE"]
[SourceTitle "EXT 2016"]
[Source "ChessBase"]
[SourceDate "2015.10.08"]
[SourceVersion "1"]
[SourceVersionDate "2015.10.08"]
[SourceQuality "1"]

1. d4 d5 2. Nf3 e6 3. g3 c6 4. Ne5 Bd6 5. f4 Nf6 6. Bg2 Ne4 7. Nd2 f5 8. 0-0 0-0 9. c4 Bxe5 10. fxe5 Nxd2 11. Bxd2 dxc4 12. e3 a5 13. Rc1 b6 14. Rxc4 Ba6 15. Bxc6 Bxc4 16. Bxa8 Bxf1 17. Qxf1 Nd7 18. Bg2 Nxe5 19. Bc1 Nd7 20. Qc4 Kf7 21. d5 exd5 22. Qxd5+ Kg6 23. e4 h6 24. exf5+ Kh7 25. Be4 Nf6 26. Qxd8 Rxd8 27. Bf3 b5 28. Kf2 Rc8 29. Bd2 Rc2 30. Ke3 Rxb2 31. Bxa5 Rxa2 32. Bc3 Ra3 33. Kd4 b4 34. Bxb4 Rxf3 35. Ke5 Ng4+ 36. Ke4 Rb3 37. Bd6 Nxh2 38. Kf4 Nf3 39. g4 Ng5 40. Be7 Kg8 41. Bxg5 hxg5+ 42. Kxg5 Kf7 43. Kh5 Kf6 44. Kh4 Rb5 45. Kh5 g6+ 46. Kh6 g5 47. Kh5 Rb8 48. Kh6 Rh8# 0-1

[Event "EU Union-ch U10 13th"]
[Site "Mureck"]
[Date "2015.08.13"]
[Round "9"]
[White "Kecskemeti, Admira Aida"]
[Black "Jersic, Aleks"]
[Result "1-0"]
[WhiteElo "1142"]
[BlackElo "1443"]
[PlyCount "105"]
[EventDate "2015.08.05"]
[EventType "swiss"]
[EventRounds "9"]
[EventCountry "AUT"]
[SourceTitle "EXT 2016"]
[Source "ChessBase"]
[SourceDate "2015.10.08"]
[SourceVersion "1"]
[SourceVersionDate "2015.10.08"]
[SourceQuality "1"]

1. d4 Nf6 2. Nf3 c5 3. g3 cxd4 4. Nxd4 e5 5. Nf3 Nc6 6. Bg2 Bb4+ 7. Bd2 Bxd2+ 8. Nbxd2 d5 9. 0-0 0-0 10. c4 Be6 11. cxd5 Bxd5 12. Re1 Qe7 13. e4 Be6 14. Ng5 Rfd8 15. Nxe6 Qxe6 16. Qc2 Rac8 17. Red1 Nd4 18. Qa4 a6 19. Nf3 Nxf3+ 20. Bxf3 Qb6 21. Qa3 Rxd1+ 22. Rxd1 Rc2 23. Qe3 Qc7 24. Qd3 h6 25. Qd8+ Qxd8 26. Rxd8+ Kh7 27. Rb8 Rxb2 28. Kf1 b5 29. a4 bxa4 30. Rxb2 Nd7 31. Ra2 Nc5 32. Bd1 Nxe4 33. Rxa4 Nc3 34. Ra1 Nxd1 35. Rxd1 a5 36. Rd5 a4 37. Rxe5 a3 38. Ra5 Kg6 39. Rxa3 Kh7 40. Kg2 g6 41. f4 h5 42. Kf3 Kg7 43. h3 Kh7 44. g4 h4 45. g5 Kg7 46. Ra7 Kf8 47. Ke4 Kg7 48. Ke5 Kg8 49. Kf6 Kh8 50. Rxf7 Kg8 51. Ra7 Kh8 52. Kxg6 Kg8 53. Ra8# 1-0

[Event "EU Union-ch U10 13th"]
[Site "Mureck"]
[Date "2015.08.09"]
[Round "5"]
[White "Graf, Simon"]
[Black "Kecskemeti, Admira Aida"]
[Result "0-1"]
[WhiteElo "1697"]
[BlackElo "1142"]
[PlyCount "60"]
[EventDate "2015.08.05"]
[EventType "swiss"]
[EventRounds "9"]
[EventCountry "AUT"]
[SourceTitle "EXT 2016"]
[Source "ChessBase"]
[SourceDate "2015.10.08"]
[SourceVersion "1"]
[SourceVersionDate "2015.10.08"]
[SourceQuality "1"]

1. e4 c6 2. d4 d5 3. Nc3 dxe4 4. Nxe4 Nf6 5. Nxf6+ exf6 6. Bc4 Bd6 7. Qe2+ Qe7 8. Qxe7+ Bxe7 9. Bf4 Bf5 10. 0-0-0 0-0 11. Nf3 Nd7 12. Rhe1 Rfe8 13. h3 Nb6 14. Bd3 Bxd3 15. Rxd3 Nd5 16. Bg3 Rad8 17. a3 Kf8 18. c4 Nb6 19. c5 Bxc5 20. dxc5 Rxd3 21. Bd6+ Rxd6 22. cxd6 Rxe1+ 23. Nxe1 Nc4 24. d7 Ke7 25. Nd3 Kxd7 26. Nc5+ Kc7 27. Kc2 b5 28. Kc3 Kd6 29. Nb7+ Ke7 30. b4 Nxa3 0-1